Dios actúa en la historia I: guía para una lectura comunitaria de la historia de la salvación. Antiguo Testamento. Participante
Guardat en:
| Autor corporatiu: | |
|---|---|
| Format: | Llibre |
| Idioma: | espanyol |
| Publicat: |
Pamplona
Verbo Divino
2010
|
| Matèries: | |
| Etiquetes: |
Afegir etiqueta
Sense etiquetes, Sigues el primer a etiquetar aquest registre!
|
MARC
| LEADER | 00000cam a2200000 a 4500 | ||
|---|---|---|---|
| 001 | UCG7912 | ||
| 003 | CL-VaPUC | ||
| 008 | 111021e20100000SP |||||||||||||||||spa|d | ||
| 020 | |a 9788499451282 | ||
| 082 | 0 | 4 | |a 233 |b LAC |2 21 |
| 110 | 2 | |a La Casa de la Biblia |e author |9 558412 | |
| 245 | 1 | 0 | |a Dios actúa en la historia I: guía para una lectura comunitaria de la historia de la salvación. Antiguo Testamento. Participante |
| 300 | |a 134 p | ||
| 942 | |c BK | ||
| 945 | |d 20111021 00:00:00 |a dcastane | ||
| 260 | |a Pamplona |b Verbo Divino |c 2010 | ||
| 650 | 0 | |a Biblia |9 257603 | |
| 650 | 0 | |a Antiguo testamento |9 313678 | |
| 650 | 0 | |a Educación religiosa |9 308312 | |
| 650 | 7 | |a TRABAJO PASTORAL |2 CL-VaPUC |9 339879 | |
| 583 | |a last modification |c 20111021 10:47:00 |k Rodrigo Vera | ||
| 999 | |c 345600 |d 345598 | ||
| 952 | |0 0 |1 0 |4 0 |6 233_000000000000000_LAC_2010 |7 0 |8 A |9 444514 |a BIBTEO |b BIBTEO |d 2019-11-22 |i 4782771 |o 233 LAC 2010 |p 4782771 |r 2025-01-17 |w 2019-11-22 |y BK |k ICR | ||